000 00566nam a2200193Ia 4500
005 20250508161326.0
008 008 250505s9999 xx 000 0 eng d
037 _aBooks to be hide in OPAC
040 _aFEDL
_beng
_cFEDL
041 _aeng
_2eng
084 _a371.2, MAC/O
_qFEDL
100 _aMackenzie Gordon N
_9345139
245 0 _aInstructional leardership
260 _aNew York, USA
_bBureau of Publications
_c1954
300 _axiii,209p.
700 _a Corey Stephen M
_9770601
942 _cHB
_h371.2, MAC/O
999 _c1369535
_d1369535